किनारे से किनारे तक (Record no. 167715)
| 000 -LEADER | |
|---|---|
| fixed length control field | 00551nam a2200181Ia 4500 |
| 003 - CONTROL NUMBER IDENTIFIER | |
| control field | LDD |
| 008 - FIXED-LENGTH DATA ELEMENTS--GENERAL INFORMATION | |
| fixed length control field | 190117s9999 xx 000 0 und d |
| 020 ## - INTERNATIONAL STANDARD BOOK NUMBER | |
| Terms of availability | ₹35 |
| 040 ## - CATALOGING SOURCE | |
| Transcribing agency | LDD |
| 041 ## - LANGUAGE CODE | |
| Language code of text/sound track or separate title | hi |
| 082 ## - DEWEY DECIMAL CLASSIFICATION NUMBER | |
| Classification number | 8H3.7 या 4668 कि |
| 100 ## - MAIN ENTRY--PERSONAL NAME | |
| Personal name | यादव, राजेन्द्र |
| 245 #0 - TITLE STATEMENT | |
| Title | किनारे से किनारे तक |
| Statement of responsibility, etc. | राजेन्द्र यादव |
| 246 ## - VARYING FORM OF TITLE | |
| Title proper/short title | Kinare se kinare tak |
| 260 ## - PUBLICATION, DISTRIBUTION, ETC. | |
| Place of publication, distribution, etc. | नई दिल्ली |
| Name of publisher, distributor, etc. | अक्षर |
| Date of publication, distribution, etc. | 1961 |
| 300 ## - PHYSICAL DESCRIPTION | |
| Extent | 238प्र. |
| 942 ## - ADDED ENTRY ELEMENTS (KOHA) | |
| Source of classification or shelving scheme | Dewey Decimal Classification |
| Koha item type | Hindi Books |
| Withdrawn status | Lost status | Source of classification or shelving scheme | Damaged status | Not for loan | Home library | Current library | Date acquired | Total Checkouts | Full call number | Barcode | Date last seen | Price effective from | Koha item type |
|---|---|---|---|---|---|---|---|---|---|---|---|---|---|
| No | Dewey Decimal Classification | Library and Documentation Division | Library and Documentation Division | 01/17/2019 | 8H3.7 या 4668 कि | H000482 | 01/17/2019 | 01/17/2019 | Hindi Books |
